| 000 | 01133nas a2200421 4500 | ||
|---|---|---|---|
| 001 | BR0303729 | ||
| 003 | BR-BrBNA | ||
| 005 | 20231205103927.0 | ||
| 007 | ta | ||
| 008 | 230509b bl.|||p| |||| 00| 00por d | ||
| 040 |
_aBR-BrBNA _bpor _cBiblioteca Nacional de Agricultura |
||
| 041 | _a(Pt) | ||
| 072 | _aL02; Q54 | ||
| 100 | 1 | _aGuarienti, E.M. | |
| 100 | 1 | _aDuca, L. de J.A. del | |
| 100 | 1 | _aFontaneli, R.S. | |
| 100 | 1 | _aZanotto, D.L. | |
| 245 | 1 | _aComposição química dos principais cereais de inverno do Brasil | |
| 650 | _aSUÍNO | ||
| 650 | _aAVE DOMÉSTICA | ||
| 650 | _aMILHO | ||
| 650 | _aTRIGO | ||
| 650 | _aAVEIA | ||
| 650 | _aCEVADA | ||
| 650 | _aCENTEIO | ||
| 650 | _aTRITICALE | ||
| 650 | _aRAÇÃO | ||
| 650 | _aCOMPOSIÇÃO QUÍMICA | ||
| 650 | _aGRÃO | ||
| 650 | _aPROTEÍNA BRUTA | ||
| 650 | _aMATÉRIA SECA | ||
| 650 | _aFIBRA BRUTA | ||
| 650 | _aBROMATOLOGIA | ||
| 650 | _aRIO GRANDE DO SUL | ||
| 773 | 0 |
_tPesquisa Agropecuária Gaúcha (Brazil) _xISSN 0104-9070 _g(2001), v. 7(1) p. 7-14 _wBR0303729 |
|
| 909 |
_a202311 _bLúcia _c55 _dLúcia Elande |
||
| 942 |
_2AGRIS _n0 _cANA |
||
| 999 |
_c175473 _d175473 |
||